The ISO 9000 Answer Book (Record no. 347399)
[ view plain ]
| 000 -LEADER | |
|---|---|
| fixed length control field | 00232 a2200097 4500 |
| 090 ## - LOCALLY ASSIGNED LC-TYPE CALL NUMBER (OCLC); LOCAL CALL NUMBER (RLIN) | |
| -- | 4971 |
| -- | 4971 |
| 100 ## - MAIN ENTRY--PERSONAL NAME | |
| Personal name | Rob Kantner |
| 245 ## - TITLE STATEMENT | |
| Title | The ISO 9000 Answer Book |
| 260 ## - PUBLICATION, DISTRIBUTION, ETC. | |
| Place of publication, distribution, etc. | Omneo |
| Name of publisher, distributor, etc. | Allen Martin |
| Date of publication, distribution, etc. | 1994 |
| 942 ## - ADDED ENTRY ELEMENTS (KOHA) | |
| Institution code [OBSOLETE] | NBS |
| Koha item type | Book |
| Call number prefix | 658.562 KAN |
| Withdrawn status | Lost status | Damaged status | Not for loan | Permanent Location | Current Location | Date acquired | Total Checkouts | Full call number | Barcode | Date last seen | Date last checked out | Price effective from | Koha item type |
|---|---|---|---|---|---|---|---|---|---|---|---|---|---|
| Central Library (CL) | Central Library (CL) | 08/28/2013 | 1 | 658.562 KAN | NBS3452 | 10/03/2013 | 09/17/2013 | 08/28/2013 | Book |
